| 000 | 00653nam a2200193 4500 | ||
|---|---|---|---|
| 001 | 115976 | ||
| 003 | ES-MaACL | ||
| 005 | 20250902102517.0 | ||
| 007 | t| | ||
| 008 | 061121s1930 sp r ||||1| spa d | ||
| 100 | 1 |
_aOrtiz Picón, Juan Manuel. _987637 |
|
| 245 | 1 | 4 |
_aLas epiteliofibrilas durante la mitosis / _cJuan Manuel Ortiz Picón. |
| 260 |
_aMadrid : _b[s.n.], _c1930. |
||
| 300 |
_a3 h. : _bil. ; _c24 cm. |
||
| 500 | _aEs tirada aparte del Boletín de la Real Sociedad Española de Historia Natural, tomo XXX. | ||
| 710 | 2 |
_aReal Sociedad Española de Historia Natural _96397 |
|
| 852 |
_aES-MaACL _j1732-F-10 |
||
| 999 |
_c115976 _d115976 |
||